000 00565nam a2200217Ia 4500
003 OSt
005 20220928145715.0
006 a|||||r|||| 00| 0
007 ta
008 220927b |||||||| |||| 00| 0 eng d
024 _a82282
037 _cTextual
040 _aSDCL
_cSDCL
_beng
041 _2eng
_aeng
082 _aW691yM18, K5
100 _aDrachkovitch Milorad M Ed.
_9514284
245 0 _aMarxism in the modern world.
260 _c1965
942 _hW691yM18, K5
_cTEXL
_2CC
999 _c835004
_d835004